000
00239nam a2200097Ia 4500
001
1199819
005
20250827022601.0
008
250824s9999 xx 000 0 und d
245
0
_a
VİKİNGLER
_c
ROBERT LEIGHTON
260
_b
PANAMA YAYINLARI
999
_c
1199819
_d
1199819